| 000 | 00636nam a2200217 a 4500 | ||
|---|---|---|---|
| 005 | 20210219153118.0 | ||
| 008 | 991125n 000 0 u | ||
| 035 | _aUPN01000078833 | ||
| 100 | _aMuller, Dave | ||
| 222 | _aEDUCATIONAL AND TRAINING TECHNOLOGY INTERNATIONAL | ||
| 245 | _aA exploration of the concept of quality in vocational education and training | ||
| 300 | _a257-261 | ||
| 362 | _a29, No. 3, 1992 | ||
| 505 | _aMarzo 1993 | ||
| 653 | 0 | _aCALIDAD EDUCATIVA | |
| 653 | 0 | _aORIENTACION VOCACIONAL | |
| 653 | 0 | _aPROCESOS DE APRENDIZAJES | |
| 700 | _aFunnell, Peter | ||
| 904 |
_aAC _b016644 |
||
| 905 | _aArticulo | ||
| 999 |
_c68780 _d68780 |
||